| 000 | 00452nam a22001577a 4500 | ||
|---|---|---|---|
| 003 | NUST | ||
| 038 | _aSaba | ||
| 082 |
_a004 _bMCS |
||
| 100 |
_aMehtab, Anam _935074 |
||
| 245 |
_aAndroid Device Protection Through Machine Learning Technique (s) _cAnam Mehtab |
||
| 260 |
_aIslamabad : _bMCS-NUST, _c2017. |
||
| 300 | _a54p. | ||
| 650 |
_aInformation Security - Android Device _935075 |
||
| 700 |
_aDr. Muhammad Faisal Amjad _934940 |
||
| 942 |
_2ddc _cTHE |
||
| 999 |
_c540837 _d540837 |
||